000 00548cam a2200205ua 4500
001 8353
008 150128n ii |||gr||||Z||||||asm
020 _a9789380454863
040 _cMAIN
041 _aasm
082 _a891.451
100 _aBhuyan, S. R.,
_eAuthor.
245 1 _aAsamiya gadyariti :
_bJonakir para ramdhenuloi /
_cBy Smriti Rekha Bhuyan .
250 _a1st.
260 _aGuwahati:
_bAank-baak,
_c2012.
300 _a256p.
653 _aEast Indo-European & Celtic literatures
653 _aAssamese literature
942 _cBK
999 _c7464
_d7464